Statistiken für Schauspieler mit mehr als einer LEGO-Minifigur

Klicken Sie hier um das Quiz zu spielen!

Allgemein

  • Dieses Quiz wurde 29 mal gespielt
    (6 seit der letzten Aktualisierung)
  • Das Durchschnittsergebnis liegt bei 9 aus 77

Antwortstatistiken

Veröffentlichung 2. FigurRollenSchauspieler% Korrekt
2008Han Solo, Indiana JonesHarrison Ford
83%
2013Jack Sparrow, Tonto, Gellert GrindelwaldJohnny Depp
67%
2016Nekromant von Dol Guldur, Doctor Strange, Sinister Strange, Dead StrangeBenedict Cumberbatch
50%
2016Thor, Kevin Beckman, ThrogChris Hemsworth
50%
2022Batman, GorrChristian Bale
50%
2012Count Dooku, SarumanChristopher Lee
50%
2018Hermine Granger, BelleEmma Watson
50%
2012Sirius Black, Commissioner GordonGary Oldman
50%
2015Mace Windu, Nick Fury, Ray Arnold, FrozoneSamuel L. Jackson
50%
2014Star-Lord, Emmet, Owen Grady,Chris Pratt
33%
2018The Flash, Credence BareboneEzra Miller
33%
2013Bellatrix Lestrange, Red HarringtonHelena Bonham Carter
33%
2014Qui-Gon Jinn, Bad Cop, Pa CopLiam Neeson
33%
2022Padmé Amidala, Jane FosterNatalie Portman
33%
2012Will Turner, LegolasOrlando Bloom
33%
2016Lord Voldemort, Alfred PennyworthRalph Fiennes
33%
2002Griphook, Wicket, Wald, BB-DB, WeazelWarwick Davis
33%
2008Doctor Octopus, Satipo, Scheich AmarAlfred Molina
17%
2016Gollum, Snoke, Ulysses Klaue, Alfred PennyworthAndy Serkis
17%
2014Irina Spalko, Galadriel, HelaCate Blanchett
17%
2018Grandmaster, Ian MalcolmJeff Goldblum
17%
2021Barney Geröllheimer, Bugs Bunny, Daffy Duck, Marvin der Marsmensch, Petunia Pig, Porky Pig, Tweety, Sylvester, Wile E. Coyote, Taz, Speedy GonzalezMel Blanc
17%
2017Batman, Vulture, BeetlejuiceMichael Keaton
17%
2022Cedric Diggory, BatmanRobert Pattinson
17%
2018Dobby, Gunnar EversolToby Jones
17%
2019Flynn Rider, Shazam!Zachary Levi
17%
2018Collector, DJBenicio del Toro
0%
2013Nizam, Der MandarinBen Kingsley
0%
2019Direktor Krennic, TalosBen Mendelsohn
0%
2022Rowlf, Dänischer KochBill Barretta
0%
2017Lando Calrissian, Two-FaceBilly Dee Williams
0%
2022Captain America, Buzz LightyearChris Evans
0%
2023Steve Trevor, König MagnificoChris Pine
0%
2011Mr. Krabs, Savage Opress, DogpoundClancy Brown
0%
2014Homer Simpson, Grampa Simpson, Krusty der Clown, Barney Gumble, Itchy, Hausmeister Willie, Hans Maulwurf, DschinniDan Castellaneta
0%
2022Gonzo, Waldorf, Dr. Honigtau Bunsenbrenner, Dänischer KochDave Goelz
0%
2008Captain Rex, Commander Cody, Commander Fox, Commander Wolffe, Commander Gregor, Crosshair, Echo, Hunter, Wrecker, TechDee Bradley Baker
0%
2021Meister Stirnrunzel, Bugs Bunny, Daffy Duck, Tweety, Speedy Gonzalez, Marvin der MarsmenschEric Bauza
0%
2022Miss Piggy, Fozzie Bär, Das TierEric Jacobson
0%
2018Tauriel, WaspEvangeline Lilly
0%
2020Yoda, Bert, Krümelmonster, Miss Piggy, Fozzie Bär, Das TierFrank Oz
0%
2021Bugs Bunny, Daffy Duck, Marvin der Marsmensch, Porky Pig, Tweety, Sylvester, Speedy Gonzalez, TazGreg Burson
0%
2014Apu Nahasapeemapetilon, Chief Wiggum, Snake Jailbird, Professor Frink, ComicbuchverkäuferHank Azaria
0%
2014Ned Flanders, Mr. Burns, Mr. Smithers, Dr. Hibbert, ScratchyHarry Shearer
0%
2019Dastan, MysterioJake Gyllenhaal
0%
2023Captain Salazar, König TritonJavier Bardem
0%
2021Bugs Bunny, Daffy Duck, Porky Pig, Tweety, Sylvester, TazJeff Bergman
0%
2022Watcher, Lieutenant James GordonJeffrey Wright
0%
2021Winnie Puuh, TiggerJim Cummings
0%
2022Ernie, Kermit der Frosch, Rowlf, Waldorf, Dänischer KochJim Henson
0%
2021Barney Geröllheimer, Bugs Bunny, Daffy Duck, Marvin der Marsmensch, Porky Pig, Tweety, Sylvester, Wile E. Coyote, Taz, Speedy GonzalezJoe Alaskey
0%
2023Gimli, SallahJohn Rhys-Davies
0%
2015Marge Simpson, Patty Bouvier, Selma BouvierJulie Kavner
0%
2023Alice, Wendy DarlingKathryn Beaumont
0%
2021Rose Tico, RayaKelly Marie Tran
0%
2020Erin Gilbert, CheetahKristen Wiig
0%
2012Katara, April O'Neil, TinkerbellMae Whitman
0%
2023Abby Yates, UrsulaMelissa McCarthy
0%
2014Bart Simpson, Ralph Wiggum, Nelson MuntzNancy Cartwright
0%
2023Poe Dameron, Moon Knight, Mr. KnightOscar Isaac
0%
2020Der Mandalorianer, Maxwell LordPedro Pascal
0%
2021Kevin, Stuart, Bob, OttoPierre Coffin
0%
2022Ikaris, PrinzRichard Madden
0%
2017Poison Ivy, Böse Hexe des WestensRiki Lindhome
0%
2021Donatello, Marvin der MarsmenschRob Paulsen
0%
2008Thaddäus Tentakel, Dr. Karl KiemeRodger Bumpass
0%
2023Barbara Gordon / Batgirl, Ahsoka TanoRosario Dawson
0%
2022Dana Barrett, Grace Augustine, KiriSigourney Weaver
0%
2022Stiefelriemen-Bill Turner, Luthen Rael, Erik SelvigStellan Skarsgård
0%
2021General Mischmasch, Mirabel MadrigalStephanie Beatriz
0%
2021Winnie Puuh, GrinsekatzeSterling Holloway
0%
2022Gru, Michael ScottSteve Carrell
0%
2022Kermit der Frosch, Beaker, StatlerSteve Whitmire
0%
2008Jango Fett, Commander Cody, Commander Gree, Captain Jag, Boba FettTemuera Morrison
0%
2012SpongeBob Schwammkopf, Doctor OctopusTom Kenny
0%
2022Catwoman (2 Versionen)Zoë Kravitz
0%
2022Gamora, NeytiriZoe Saldana
0%

Verteilung der Resultate

Perzentil nach korrekt beantworteten Fragen

Anzahl Personen mit jedem Resultat

Ihre Resultats-Entwicklung

Sie haben dieses Quiz seit der letzten Aktualisierung nicht gespielt